Políticas públicas : (Record no. 707)

MARC details
000 -LÍDER
Campo Fixo de Controle 01114nam a2200289 a 4500
001 - NÚMERO DE CONTROLE
Campo de Controle 707
003 - IDENTIFICAÇÃO DO NÚMERO DE CONTROLE
Campo de Controle BR-CuiBMT
005 - DATA E HORA DA ÚLTIMA ATUALIZAÇÃO
Campo de Controle 20231114004545.0
008 - DADOS FIXOS
Dados Fixos 230823s2008 mgb 000 0 por d
020 ## - INTERNATIONAL STANDARD BOOK NUMBER
Nº do ISBN 9788577001552
040 ## - AGÊNCIA CATALOGADORA
Código da Agência Catalogadora BR-CuiBMT
Agência que transcreveu o registro BR-CuiBMT
080 ## - Nº DA CLASSIFICAÇÃO DECIMAL UNIVERSAL
Nº edição CDU 2007
Nº Class. CDU 351
090 ## - NÚMERO DE CHAMADA
Nº classificação 351
Cutter P769
245 00 - TÍTULO PRINCIPAL
Título principal Políticas públicas :
Subtítulo possibilidades e limites /
Indicação de responsabilidade Cristiana Fortini, Júlio César dos Santos Esteves, Maria Tereza Fonseca Dias (organizadores) ; prefácio, Clovis Beznos ; apresentação, Júlio César dos Santos Esteves ; [autores Carlos Ari Sundfeld ... et al.].
260 ## - PUBLICAÇÃO, DISTRIBUIÇÃO, ETC.
Local de publicação Belo Horizonte :
Editora Fórum,
Data 2008.
300 ## - DESCRIÇÃO FÍSICA
N. páginas ou volumes 377 p. ;
Dimensões 22 cm
500 ## - NOTAS GERAIS
Notas gerais Vários autores.
504 ## - NOTA DE BIBLIOGRAFIA, ETC.
Nota de bibliografia Inclui bibliografia.
650 ## - ASSUNTO TÓPICO
Cabeçalho tópico ou nome geográfico Políticas públicas
Subdivisão geral Participação do cidadão
650 ## - ASSUNTO TÓPICO
Cabeçalho tópico ou nome geográfico Participação política
650 ## - ASSUNTO TÓPICO
Cabeçalho tópico ou nome geográfico Administração pública
Subdivisão geográfica Brasil
700 1# - ENTRADA SECUNDÁRIA -- NOME PESSOAL
Nome pessoal Fortini, Cristiana
Cód. do termo explicativo org.
700 1# - ENTRADA SECUNDÁRIA -- NOME PESSOAL
Nome pessoal Esteves, Júlio César dos Santos
Cód. do termo explicativo org.
700 1# - ENTRADA SECUNDÁRIA -- NOME PESSOAL
Nome pessoal Dias, Maria Tereza Fonseca
Cód. do termo explicativo org.
700 1# - ENTRADA SECUNDÁRIA -- NOME PESSOAL
Nome pessoal Sundfeld, Carlos Ari,
Datas associadas ao nome 1960-
Termo de relação et al.
-- autores
942 ## - ELEMENTOS DE ENTRADA ADICIONAIS (KOHA)
Fonte de classificação ou esquema de arquivamento Classificação Decimal Universal
Tipo de item do Koha Livros
Holdings
Estado: removido Estado: perdido Fonte de classificação ou esquema de arquivamento Estado: danificado Indisponível para empréstimo Localização permanente Localização atual Data de aquisição Total Checkouts Número de Chamada completo Código de barras Date last seen Número do exemplar Preço efetivo a partir de Tipo de item (Koha)
    Classificação Decimal Universal     Biblioteca da Escola Superior de Contas do TCE/MT Biblioteca da Escola Superior de Contas do TCE/MT 14/11/2023   351 P769 BIBTCEMT23110558 14/11/2023 Ex. 1 14/11/2023 Livros
    Classificação Decimal Universal     Biblioteca da Escola Superior de Contas do TCE/MT Biblioteca da Escola Superior de Contas do TCE/MT 14/11/2023   351 P769 BIBTCEMT23110559 14/11/2023 Ex. 2 14/11/2023 Livros

Powered by Koha